| 000 | 00442nam a2200133Ia 4500 | ||
|---|---|---|---|
| 008 | 200626s9999 xx 000 0 und d | ||
| 020 | _a9.7811189526e+012 | ||
| 100 | _aReid, R. Dan | ||
| 245 |
_cR. Dan Reid, Nada R. Sanders.-- _aOperations management: _bAn integrated approach / |
||
| 250 | _a6th ed. | ||
| 260 |
_aHoboken New Jersey: _bJohn Wiley and Sons, Inc. _c2016 |
||
| 300 | _axxiii, 680 pages | ||
| 500 | _aIncludes appendix and index. | ||
| 999 |
_c363919 _d363919 |
||